LEADER 00687nam a2200169 i 4500 001 000000036013 003 CaOOAMICUS 005 20260408103149.0 008 931231s1973 it u000 u ita u 040 $aSeMil$bita 245 10$aIndice degli autori citati nei volumi 1.-2.-3.-4.-5.-6.-7.-8. 300 $a121 p. 773 0 $aBattaglia, Salvatore <1904-1971>$tGrande dizionario della lingua italiana.$dTorino : UTET, 1961-2009.$w()6614 850 $aSeMil 852 $aSeMil$W1$xVenegono$y1$mSL1.A VI 1$j269853$B2168$CSeMilBibl$Z2$F2168 $8I 996 $6245$aIndice degli autori citati nei volumi 1.-2.-3.-4.-5.-6.-7.-8.$9(OLS)http://semarc/title/49607